|
|
|
|
| LEADER |
00000cam a2200000 7i4500 |
| 001 |
0000049942 |
| 005 |
20151222.0 |
| 008 |
150706 |
| 020 |
|
|
|a 9679485048 (set)
|
| 020 |
|
|
|a 9679485129
|
| 090 |
0 |
0 |
|a CT
|b MAL
|
| 100 |
0 |
|
|a Md.Israry
|
| 245 |
1 |
0 |
|a Aladdin menerima hukuman
|c Md.Israry
|
| 260 |
|
|
|a Melaka :
|b Assiated Educational Distributors(M) Sdn Bhd ,
|c 1997
|
| 300 |
|
|
|a 30pg. :
|b Col.ill
|
| 490 |
1 |
|
|a Siri cerita klasik aladdin
|
| 500 |
|
|
|a Children ages 7-9 years old (orange)
|
| 650 |
|
0 |
|a Malay fiction
|x classic tales
|
| 999 |
|
|
|a 0000797899
|b Book
|c Brochure/Pamphlet/Poster
|e Cawangan Segamat
|
| 999 |
|
|
|a 0000799109
|b Book
|c Children Collection
|e Cawangan Pontian
|
| 999 |
|
|
|a 0000817287
|b Book
|c Children Collection
|e Cawangan Bandar Penawar
|
| 999 |
|
|
|a 0000921534
|b Book
|c Children Collection
|e Cawangan Bukit Gambir
|
| 999 |
|
|
|a 0000921536
|b Book
|c Children Collection
|e Cawangan Bukit Gambir
|
| 999 |
|
|
|a 0000932134
|b Book
|c Children Collection
|e Cawangan Tangkak
|